000
00270nam a22001217a 4500
008
170731b xxu||||| |||| 00| 0 eng d
041
_a
eng
080
_a
004
100
_a
32
101
_a
SHK
245
_a
CONCEPTS OF PROGRAMMING LANGUAGES
_c
ELSON,M
942
_2
udc
_c
BK
999
_c
22212
_d
22212